Suomen Kansallissymbolit - Statistics

Yleistilastot
  • Tätä visaa on pelattu 725 kertaa
  • Keskiarvotulos 13 / 24
Vastaustilastot
Hint Vastaus % Oikein
Kansalliseläin Karhu
88%
Kansallislaulu Maamme
87%
Kansalliskala Ahven
86%
Kansalliseepos Kalevala
86%
Kansallishevonen Suomenhevonen
86%
Kansallissoitin Kantele
84%
Kansalliskukka Kielo
77%
Kansallissäveltäjä Jean Sibelius
76%
Kansalliskoira Suomenpystykorva
74%
Kansallislintu Laulujoutsen
72%
Kansallislippu Suomen lippu
69%
Kansalliskivi Graniitti
65%
Kansalliskirjailija Aleksis Kivi
59%
Kansallispuu Rauduskoivu
56%
Kansallispäivä Suomen Itsenäisyyspäivä
53%
Kansallisrunoilija Johan Ludvig Runeberg
50%
Kansallistaiteilija Akseli Gallen-Kallela
39%
Vaakuna Suomen vaakuna
30%
Kansallishyönteinen Seitsenpistepirkko
27%
Kansallisfilosofi Joham Vilhelm Snellman
18%
Henkilöitymä Suomi-neito
18%
Kansallispyhimys piispa Henrik
16%
Kansallispyhäkkö Turun tuomiokirkko
15%
Kansallisperhonen Paatsamasinisiipi
8%
Ehtoja vastaavia visoja ei löytynyt
Tulosjakauma
Jokaisen tuloksen saaneiden osuus
Persentiili vastausten määrän mukaan
Tuloshistoriasi
Et ole pelannut tätä visaa